书目信息 |
| 题名: |
牛津西方艺术史
|
|
| 作者: | 肯普 , 马丁·坎普 主编 ;余君珉 译 | |
| 分册: | ||
| 出版信息: | 北京 外语教学与研究出版社 2009.11 |
|
| 页数: | 577页, [1] 页图版 | |
| 开本: | 28cm | |
| 丛书名: | ||
| 单 册: | ||
| 中图分类: | J110.9 | |
| 科图分类: | ||
| 主题词: | 艺术史--yi shu shi--西方国家 | |
| 电子资源: | ||
| ISBN: | 978-7-5600-9112-9 | |
| 000 | 01249cam0 2200301 450 | |
| 001 | CAL 012010000824 | |
| 005 | 20110829154954.20 | |
| 010 | @a978-7-5600-9112-9@b精装@dCNY288.00 | |
| 100 | @a20091215d2009 em y0chiy50 ea | |
| 101 | 1 | @achi@ceng |
| 102 | @aCN@b110000 | |
| 105 | @aaf z 001yy | |
| 106 | @ar | |
| 200 | 1 | @a牛津西方艺术史@Aniu jin xi fang yi shu shi@d= The Oxford history of Western art@f(英) 马丁·坎普主编@F(ying)ma ding·kan pu zhu bian@g余君珉译@zeng |
| 210 | @a北京@c外语教学与研究出版社@d2009.11 | |
| 215 | @a577页, [1] 页图版@c图@d28cm | |
| 314 | @a责任者规范汉译姓: 肯普 | |
| 320 | @a有索引 | |
| 330 | @a《牛津西方艺术史》凝聚了全球50多位顶级专家的心血,全面总结了西方艺术的发展历程,并且以独到的视角阐述和解读了西方丰富的艺术作品,其中涵盖了从绘画到摄影、从雕塑到室内设计等各种艺术种类与形式。书中配有700多幅精美的艺术作品图片,可称为出版史上集粹插图最多的艺术史单卷巨著。 | |
| 500 | 10 | @aOxford history of Western art@mChinese |
| 586 | @a | |
| 606 | 0 | @a艺术史@Ayi shu shi@y西方国家 |
| 690 | @aJ110.9@v5 | |
| 701 | 1 | @a肯普@AKenpu@g(Kemp, Martin),@f1942-@4主编 |
| 701 | 0 | @a马丁·坎普@Ama ding·kan pu@4主编 |
| 702 | 0 | @a余君珉@Ayu jun min@4译 |
| 801 | 0 | @aCN@c20110610 |
| 905 | @dJ110.9@eK211@f2 | |
| 牛津西方艺术史= The Oxford history of Western art/(英) 马丁·坎普主编/余君珉译.-北京:外语教学与研究出版社,2009.11 |
| 577页, [1] 页图版:图;28cm |
| ISBN 978-7-5600-9112-9(精装):CNY288.00 |
| 《牛津西方艺术史》凝聚了全球50多位顶级专家的心血,全面总结了西方艺术的发展历程,并且以独到的视角阐述和解读了西方丰富的艺术作品,其中涵盖了从绘画到摄影、从雕塑到室内设计等各种艺术种类与形式。书中配有700多幅精美的艺术作品图片,可称为出版史上集粹插图最多的艺术史单卷巨著。 |
| ● |
| 相关链接 |
|
|
|
正题名:牛津西方艺术史
索取号:J110.9/K211
 
预约/预借
| 序号 | 登录号 | 条形码 | 馆藏地/架位号 | 状态 | 备注 |
| 1 | 888617 | 208886179 | 社科库309/309社科库 65排2列6层/ [索取号:J110.9/K211] | 在馆 | |
| 2 | 888618 | 208886188 | 社科库309/309社科库 65排2列6层/ [索取号:J110.9/K211] | 在馆 |